[Event "European Senior Chess Championship 2018"]
[Site "Drammen, Norway"]
[Date "2018.08.03"]
[Round "7"]
[White "Hartung-Nielsen, Jens"]
[Black "Sand, Rolf, Dr."]
[Result "1/2-1/2"]
[WhiteElo "2211"]
[BlackElo "1990"]
[PlyCount "79"]
[EventDate "2018.??.??"]

1. c4 c5 2. g3 Nc6 3. Bg2 g6 4. Nc3 Bg7 5. Nf3 e6 6. d3 Nge7 7. Bg5 h6 8. Bd2
d5 9. Rb1 b6 10. a3 Bb7 11. O-O O-O 12. Qc1 Kh7 13. Qc2 Qd7 14. b4 cxb4 15.
axb4 dxc4 16. dxc4 Nd4 17. Nxd4 Bxg2 18. Kxg2 Bxd4 19. Nb5 Bg7 20. Rfc1 Rfc8
21. Kg1 a6 22. Na3 Nf5 23. e3 Ne7 24. Bc3 Qc7 25. Bxg7 Kxg7 26. Qb2+ Kg8 27. h4
h5 28. b5 axb5 29. cxb5 Qb7 30. Nc4 Rc5 31. Nd6 Rxc1+ 32. Rxc1 Qd5 33. Nc4 Rc8
34. Nxb6 Rxc1+ 35. Qxc1 Qxb5 36. Qc7 Kg7 37. Nd7 Qb1+ 38. Kg2 Qe4+ 39. Kf1 Nd5
40. Qe5+
1/2-1/2

[Event "European Senior Chess Championship 2018"]
[Site "Drammen, Norway"]
[Date "2018.08.03"]
[Round "7"]
[White "Anguera Maestro, Jaime"]
[Black "Fatalibekova, Elena"]
[Result "1/2-1/2"]
[WhiteElo "2042"]
[BlackElo "2181"]
[PlyCount "47"]
[EventDate "2018.??.??"]

1. d4 c5 2. e3 d5 3. Nf3 Bg4 4. Be2 e6 5. c3 Nd7 6. h3 Bh5 7. Ne5 Bxe2 8. Qxe2
Ngf6 9. Nd2 Nxe5 10. dxe5 Nd7 11. f4 Qh4+ 12. Qf2 Qxf2+ 13. Kxf2 f6 14. exf6
Nxf6 15. e4 O-O-O 16. e5 Nd7 17. Nf3 Be7 18. Be3 Rhf8 19. h4 h6 20. h5 b6 21.
Ke2 Nb8 22. Rac1 Nc6 23. Rhe1 Kb7 24. g3
1/2-1/2

[Event "European Senior Chess Championship 2018"]
[Site "Drammen, Norway"]
[Date "2018.08.03"]
[Round "7"]
[White "Archangelsky, Mikhail"]
[Black "Vinke, Dietmar"]
[Result "1/2-1/2"]
[WhiteElo "2033"]
[BlackElo "2166"]
[PlyCount "87"]
[EventDate "2018.??.??"]

1. d4 Nf6 2. c4 g6 3. Nc3 Bg7 4. Bf4 O-O 5. e3 d6 6. h3 Nbd7 7. Nf3 e6 8. Rc1
Qe7 9. Bh2 Ne8 10. Be2 f5 11. O-O c6 12. Qd2 e5 13. dxe5 dxe5 14. Rfd1 e4 15.
Ne1 Be5 16. Bxe5 Nxe5 17. Qd4 Qf6 18. Rd2 Ng7 19. Rcd1 Ne6 20. Qd6 Nf7 21. Qb4
Qh4 22. Bf1 a5 23. Qb3 Nfg5 24. Ne2 f4 25. Nxf4 Nxf4 26. exf4 Qxf4 27. Qe3 Qxe3
28. fxe3 Ne6 29. Nc2 Kf7 30. Rf2+ Ke7 31. Rxf8 Kxf8 32. Nd4 Nc5 33. Nb3 Ne6 34.
g4 Ke7 35. Bg2 h5 36. Bxe4 Ng5 37. Bxg6 hxg4 38. hxg4 Bxg4 39. Rf1 Rg8 40. Bb1
Be2 41. Rf5 Ne4+ 42. Kh2 Rh8+ 43. Kg2 Rg8+ 44. Kh2
1/2-1/2

[Event "European Senior Chess Championship 2018"]
[Site "Drammen, Norway"]
[Date "2018.08.03"]
[Round "7"]
[White "Moe, Mogens"]
[Black "Smeby, Ole"]
[Result "1/2-1/2"]
[WhiteElo "2150"]
[BlackElo "1980"]
[PlyCount "131"]
[EventDate "2018.??.??"]

1. e4 d5 2. exd5 Qxd5 3. Nc3 Qa5 4. Bc4 Nf6 5. d3 c6 6. Qe2 Bf5 7. Bd2 e6 8. h3
Qc7 9. g4 Bg6 10. h4 h5 11. g5 Ng4 12. O-O-O Qe5 13. Qf1 Bc5 14. Re1 Qf5 15. f3
Ne5 16. Bb3 Bxg1 17. Qxg1 Nxf3 18. Qg3 Nxe1 19. Rxe1 O-O 20. Qc7 Na6 21. Qxb7
Nc5 22. Qxc6 Nxb3+ 23. axb3 Qf2 24. Qh1 Qb6 25. Ne4 a5 26. Nc3 Rfc8 27. Kb1 Qc6
28. Qxc6 Rxc6 29. Re5 Rd6 30. Ne2 a4 31. b4 f6 32. Ra5 Rxa5 33. bxa5 fxg5 34.
Bxg5 e5 35. Nc3 Be8 36. Ka2 Kf7 37. Ka3 Ra6 38. Bd8 Rc6 39. Bg5 Ke6 40. Kb4 Rc8
41. a6 Kd6 42. Ka5 Rxc3 43. bxc3 a3 44. Bc1 a2 45. Bb2 g5 46. hxg5 h4 47. Kb6
h3 48. a7 Bc6 49. g6 h2 50. g7 h1=Q 51. g8=Q a1=Q 52. Qd8+ Ke6 53. Bxa1 Ba8 54.
Qc8+ Kf6 55. Kc7 Kg5 56. Bb2 Bf3 57. c4 Kf4 58. Qf8+ Ke3 59. Qe7 Kd2 60. Bxe5
Kxc2 61. d4 Qa1 62. Kd8 Kd3 63. Qc5 Qg1 64. Qc8 Qg8+ 65. Kc7 Qxc4+ 66. Kd8
1/2-1/2

[Event "European Senior Chess Championship 2018"]
[Site "Drammen, Norway"]
[Date "2018.08.03"]
[Round "7"]
[White "Schouten, Nico"]
[Black "Khmiadashvili, Tamar"]
[Result "1-0"]
[WhiteElo "2126"]
[BlackElo "1969"]
[PlyCount "132"]
[EventDate "2018.??.??"]

1. d4 c6 2. Nf3 Nf6 3. e3 g6 4. Bd3 d5 5. O-O Bg7 6. Nbd2 O-O 7. c4 Bf5 8. Bxf5
gxf5 9. Qc2 e6 10. b3 Re8 11. Bb2 Ne4 12. b4 Nd7 13. a4 Kh8 14. b5 Rg8 15. a5
a6 16. bxc6 bxc6 17. Rfc1 Bf8 18. Ba3 Bxa3 19. Rxa3 Rb8 20. g3 Qe7 21. Rb3 Kg7
22. Rxb8 Rxb8 23. cxd5 cxd5 24. Qc7 Qd8 25. Qxd8 Rxd8 26. Rc7 Nxd2 27. Nxd2 Nb8
28. Nb3 Kf6 29. Kg2 e5 30. dxe5+ Kxe5 31. Rxf7 Rd7 32. Rf8 Nc6 33. Kf3 Re7 34.
Ra8 Rb7 35. Rxa6 Rxb3 36. Rxc6 d4 37. Rc5+ Ke6 38. Rc4 dxe3 39. fxe3 Ra3 40.
Rh4 Rxa5 41. Rxh7 Kf6 42. Rh4 Ra1 43. Rf4 Ke5 44. Rb4 Rf1+ 45. Kg2 Re1 46. Kf2
Ra1 47. h4 Rc1 48. h5 Kf6 49. Rh4 Kg7 50. h6+ Kh7 51. Rh5 Ra1 52. Rxf5 Kxh6 53.
Kf3 Kg6 54. Rd5 Kf6 55. g4 Ra4 56. Rd4 Ra1 57. Ke4 Re1 58. Rd5 Ke6 59. Ra5 Kf6
60. Rf5+ Kg6 61. Kf4 Ra1 62. e4 Ra8 63. g5 Ra4 64. Rf6+ Kg7 65. Ke5 Ra1 66. g6
Re1 
1-0

[Event "European Senior Chess Championship 2018"]
[Site "Drammen, Norway"]
[Date "2018.08.03"]
[Round "7"]
[White "Ladisic, Alex-Sacha"]
[Black "Neumann, Joachim"]
[Result "0-1"]
[WhiteElo "1962"]
[BlackElo "2124"]
[PlyCount "56"]
[EventDate "2018.??.??"]

1. e4 c5 2. Nf3 Nc6 3. d4 cxd4 4. Nxd4 Nf6 5. Nc3 e5 6. Ndb5 d6 7. Bg5 a6 8.
Bxf6 gxf6 9. Na3 b5 10. Nd5 Bg7 11. c3 Ne7 12. Nc2 f5 13. a4 bxa4 14. Rxa4 Nxd5
15. Qxd5 Be6 16. Qd2 fxe4 17. Nb4 d5 18. Rxa6 O-O 19. Rxa8 Qxa8 20. Ba6 Rb8 21.
Be2 f5 22. O-O d4 23. Qg5 d3 24. Bh5 Qb7 25. f3 Qb6+ 26. Kh1 e3 27. Nxd3 Bc4
28. Nxe5 e2
0-1

[Event "European Senior Chess Championship 2018"]
[Site "Drammen, Norway"]
[Date "2018.08.03"]
[Round "7"]
[White "Skogheim, Ole Morten"]
[Black "Hohler, Peter"]
[Result "1/2-1/2"]
[WhiteElo "1992"]
[BlackElo "2091"]
[PlyCount "62"]
[EventDate "2018.??.??"]

1. e4 e5 2. Nf3 Nc6 3. d4 exd4 4. Nxd4 Bc5 5. Be3 Qf6 6. c3 Nge7 7. Bc4 O-O 8.
O-O Qg6 9. Nd2 Bxd4 10. cxd4 d5 11. Bxd5 Nxd5 12. exd5 Nb4 13. d6 Qxd6 14. Nc4
Qa6 15. Ne5 Be6 16. a3 Nd5 17. Rc1 Qd6 18. Qd2 c6 19. Nd3 Rad8 20. Nc5 Bc8 21.
Rfe1 Rfe8 22. Re2 Re7 23. Rce1 Rde8 24. Nd3 Bg4 25. Bf4 Qd8 26. Rxe7 Rxe7 27.
Be3 Qe8 28. Bg5 f6 29. Rxe7 Qxe7 30. Be3 Bf5 31. h3 Bc8
1/2-1/2

[Event "European Senior Chess Championship 2018"]
[Site "Drammen, Norway"]
[Date "2018.08.03"]
[Round "7"]
[White "Zhelesny, Stanislav"]
[Black "Ilyes, Peter"]
[Result "1/2-1/2"]
[WhiteElo "2077"]
[BlackElo "1944"]
[PlyCount "20"]
[EventDate "2018.??.??"]

1. Nf3 Nf6 2. g3 b6 3. d3 Bb7 4. e4 d6 5. Bg2 g6 6. Nbd2 Bg7 7. O-O O-O 8. Re1
e5 9. c3 Nbd7 10. Nf1 Nc5
1/2-1/2

[Event "European Senior Chess Championship 2018"]
[Site "Drammen, Norway"]
[Date "2018.08.03"]
[Round "7"]
[White "Taksrud, Vidar"]
[Black "Hewson, Brian W R"]
[Result "1/2-1/2"]
[WhiteElo "2047"]
[BlackElo "2012"]
[PlyCount "113"]
[EventDate "2018.??.??"]

1. c4 e5 2. Nc3 d6 3. Nf3 Nc6 4. d4 Bd7 5. d5 Nce7 6. e4 Ng6 7. Be3 Nf6 8. Be2
Be7 9. Qd2 Ng4 10. g3 Nxe3 11. Qxe3 c6 12. h4 h6 13. O-O-O Qb6 14. Qxb6 axb6
15. h5 Nf8 16. Nh4 Nh7 17. f4 O-O-O 18. Ng2 Kc7 19. Ne3 Rhe8 20. Kb1 Bf6 21.
Bf3 Ra8 22. Rd3 c5 23. f5 Bg5 24. Nc2 Ra6 25. Na3 Rea8 26. Rh2 Nf6 27. Rc2 Ne8
28. Rg2 Bd8 29. Bd1 Nf6 30. g4 Nh7 31. Bb3 Ng5 32. Nc2 Be8 33. Ne1 Ra5 34. Re3
Be7 35. a3 b5 36. cxb5 Bxb5 37. Nxb5+ Rxb5 38. Bc4 Rba5 39. Rge2 b5 40. Bd3 Kb6
41. Rg2 c4 42. Bf1 Bd8 43. Nc2 Kb7 44. Rge2 Bb6 45. Rg3 Bd4 46. Bg2 f6 47. Rd2
Bb6 48. b3 Rc8 49. Rc3 cxb3 50. Rxb3 Rc4 51. Re2 Bc5 52. Ne3 Bxe3 53. Rexe3 Kb6
54. Rb4 Rxb4+ 55. axb4 Ra4 56. Rb3 Ra7 57. Rc3
1/2-1/2

[Event "European Senior Chess Championship 2018"]
[Site "Drammen, Norway"]
[Date "2018.08.03"]
[Round "7"]
[White "Munar Mut, Antonio"]
[Black "Goncharov, Viktor"]
[Result "1/2-1/2"]
[WhiteElo "1909"]
[BlackElo "2041"]
[PlyCount "52"]
[EventDate "2018.??.??"]

1. e4 e5 2. Nf3 Nc6 3. Bb5 a6 4. Bxc6 dxc6 5. O-O Bg4 6. h3 h5 7. d3 Qf6 8. Be3
Bxf3 9. Qxf3 Qxf3 10. gxf3 Bd6 11. Nd2 f6 12. Nb3 Ne7 13. Rfd1 b6 14. c4 c5 15.
a4 a5 16. Nc1 Ng6 17. Kf1 Nh4 18. Ke2 Kf7 19. Rf1 g5 20. Na2 Rag8 21. Nc3 Be7
22. Nd5 Bd8 23. Bd2 Ke6 24. Ne3 Ng6 25. Nf5 Ne7 26. Nxe7 Bxe7 1/2-1/2

[Event "European Senior Chess Championship 2018"]
[Site "Drammen, Norway"]
[Date "2018.08.03"]
[Round "7"]
[White "Hauge, Tor Arne"]
[Black "Svanholm, Borge Waaktaar"]
[Result "1-0"]
[WhiteElo "2037"]
[BlackElo "1862"]
[PlyCount "95"]
[EventDate "2018.??.??"]

1. e4 e6 2. b3 d5 3. Bb2 Nf6 4. exd5 Nxd5 5. g3 Nf6 6. Bg2 Be7 7. Nf3 O-O 8.
O-O c5 9. d4 Qc7 10. c4 Rd8 11. Qe2 cxd4 12. Nxd4 a6 13. Nd2 Re8 14. Ne4 Nbd7
15. Nf3 Nxe4 16. Qxe4 Nf6 17. Qe2 Bd7 18. Ne5 Rad8 19. Rad1 Bc8 20. Rxd8 Rxd8
21. Rd1 Rxd1+ 22. Qxd1 Nd7 23. Nxd7 Bxd7 24. h4 Bc6 25. Qg4 Bf8 26. h5 h6 27.
Bc1 Kh8 28. Qd4 Bxg2 29. Kxg2 Kg8 30. Qe4 Be7 31. Bf4 Qd7 32. Be5 f6 33. Bc3 e5
34. g4 Qc6 35. Kf3 Kf7 36. Qxc6 bxc6 37. b4 Ke6 38. Ke4 Bd6 39. a4 Be7 40. Bd2
Bd6 41. b5 cxb5 42. cxb5 axb5 43. axb5 Bb8 44. Be3 Kd6 45. b6 Ke6 46. Bc5 Kd7
47. Kd5 Ke8 48. Bd6
1-0

[Event "European Senior Chess Championship 2018"]
[Site "Drammen, Norway"]
[Date "2018.08.03"]
[Round "7"]
[White "Ludviksson, Johannes"]
[Black "Kuznetsova, Luba"]
[Result "1/2-1/2"]
[WhiteElo "2024"]
[BlackElo "1983"]
[PlyCount "91"]
[EventDate "2018.??.??"]

1. Nf3 Nf6 2. b3 g6 3. Bb2 Bg7 4. e3 d6 5. d4 Bf5 6. Bd3 Qd7 7. O-O O-O 8. Re1
Bxd3 9. cxd3 Na6 10. Na3 Rac8 11. Qd2 b6 12. Rac1 c5 13. Nc4 cxd4 14. Bxd4 Rc7
15. Na3 Rfc8 16. Rxc7 Rxc7 17. Rc1 e5 18. Ba1 Nd5 19. Ne1 h5 20. Rxc7 Naxc7 21.
Nb1 Qc6 22. Nc3 f5 23. Bb2 Kf7 24. Nxd5 Nxd5 25. d4 e4 26. g3 Bf6 27. Qc2 Qxc2
28. Nxc2 Ke6 29. Kf1 g5 30. Ke2 a6 31. a3 Bd8 32. Nb4 Nxb4 33. axb4 d5 34. b5
axb5 35. Ba3 Bc7 36. Kf1 f4 37. Bf8 Kf6 38. Kg2 fxe3 39. fxe3 Ke6 40. h3 g4 41.
hxg4 hxg4 42. Bb4 Kd7 43. Kf2 Kc6 44. Kg2 Bd8 45. Kf2 Bg5 46. Ke2
1/2-1/2

[Event "European Senior Chess Championship 2018"]
[Site "Drammen, Norway"]
[Date "2018.08.03"]
[Round "7"]
[White "Johnsen, Oystein"]
[Black "Mella, Aage"]
[Result "1-0"]
[WhiteElo "2009"]
[BlackElo "1689"]
[PlyCount "59"]
[EventDate "2018.??.??"]

1. d4 Nf6 2. Nf3 e6 3. Bf4 d5 4. e3 Bd6 5. Bg3 h6 6. Nbd2 b6 7. c3 Bb7 8. Bd3
Ne4 9. Ne5 Nxg3 10. hxg3 Bxe5 11. dxe5 Nd7 12. f4 Nc5 13. Bb5+ c6 14. Be2 Qc7
15. Qc2 Ke7 16. c4 Rac8 17. b4 Nd7 18. Rc1 c5 19. cxd5 exd5 20. Bg4 h5 21. Bh3
h4 22. Qf5 hxg3 23. Qg5+ Kf8 24. Qg4 Nxe5 25. fxe5 Qxe5 26. Qf4 Qb2 27. Rb1
Qxa2 28. Rf1 d4 29. Bxc8 dxe3 30. Qd6+
1-0

[Event "European Senior Chess Championship 2018"]
[Site "Drammen, Norway"]
[Date "2018.08.03"]
[Round "7"]
[White "Patola, Eero"]
[Black "Strand, Kjetil"]
[Result "0-1"]
[WhiteElo "1856"]
[BlackElo "1994"]
[PlyCount "120"]
[EventDate "2018.??.??"]

1. c4 e5 2. Nc3 Nf6 3. g3 d5 4. cxd5 Nxd5 5. Bg2 Nb6 6. Nf3 Nc6 7. O-O Be7 8.
b3 O-O 9. Bb2 f5 10. d3 Bf6 11. Rc1 Be6 12. Nd2 Qd7 13. Nc4 Nd5 14. Na4 b6 15.
Ne3 Rad8 16. Nxd5 Bxd5 17. e4 Bf7 18. exf5 Ne7 19. Qc2 c5 20. g4 Nd5 21. Be4
Nf4 22. Rcd1 h5 23. f3 Qe7 24. Kh1 Bg5 25. Nc3 Bh6 26. Qf2 h4 27. Ne2 Nd5 28.
Bc1 Rd6 29. Bxh6 Rxh6 30. f4 exf4 31. Nxf4 Nc3 32. Rde1 Rd6 33. Ng6 Bxg6 34.
Bd5+ Nxd5 35. Rxe7 Nxe7 36. Qxh4 Nd5 37. Re1 Be8 38. Kg1 Bc6 39. Re5 Rdf6 40.
g5 Rxf5 41. Rxf5 Rxf5 42. g6 Nf6 43. Qg3 Be8 44. h4 Rd5 45. Kf2 Rd4 46. h5 Nxh5
47. Qb8 Nf6 48. Qc8 Rxd3 49. b4 cxb4 50. Ke2 Rd7 51. Qc4+ Kf8 52. Qxb4+ Re7+
53. Kf3 Bxg6 54. a4 Be4+ 55. Kg3 Bd5 56. a5 bxa5 57. Qxa5 Kf7 58. Kf2 g5 59.
Qa1 g4 60. Qd4 Bf3
0-1

[Event "European Senior Chess Championship 2018"]
[Site "Drammen, Norway"]
[Date "2018.08.03"]
[Round "7"]
[White "Danielsson, Robert"]
[Black "Idesis, Yaacov"]
[Result "1/2-1/2"]
[WhiteElo "1993"]
[BlackElo "1958"]
[PlyCount "81"]
[EventDate "2018.??.??"]

1. d4 c6 2. c4 d5 3. Nf3 Nf6 4. Qc2 dxc4 5. Qxc4 Bf5 6. g3 e6 7. Bg2 Be7 8. O-O
Nbd7 9. e3 Ne4 10. Nfd2 Ndf6 11. Nc3 Nxc3 12. bxc3 O-O 13. e4 Bg6 14. Rb1 Qd7
15. Re1 h6 16. Qb3 b6 17. Nc4 Bh7 18. Ba3 Bxa3 19. Qxa3 Rfd8 20. Rbd1 Rac8 21.
Ne5 Qc7 22. f3 Nd7 23. Nxd7 Rxd7 24. Bh3 Rcd8 25. Qb2 Bg6 26. Rd2 Rd6 27. Red1
e5 28. Bf1 f5 29. Bc4+ Kh7 30. exf5 Bxf5 31. dxe5 Rxd2 32. Rxd2 Rxd2 33. Qxd2
Qxe5 34. Bd3 c5 35. Bxf5+ Qxf5 36. Qe2 Qd7 37. h4 h5 38. g4 hxg4 39. fxg4 Qd5
40. Qc2+ Kh8 41. Qg6
1/2-1/2

[Event "European Senior Chess Championship 2018"]
[Site "Drammen, Norway"]
[Date "2018.08.03"]
[Round "7"]
[White "Wahlstedt, Mats"]
[Black "Solli, Oddvar"]
[Result "1/2-1/2"]
[WhiteElo "1951"]
[BlackElo "1796"]
[PlyCount "113"]
[EventDate "2018.??.??"]

1. e4 e5 2. Nf3 Nc6 3. Bb5 a6 4. Ba4 Nf6 5. O-O Be7 6. Re1 b5 7. Bb3 d6 8. c3
O-O 9. h3 Nb8 10. d4 Nbd7 11. Nbd2 Bb7 12. Bc2 Re8 13. Nf1 Bf8 14. Ng3 g6 15.
b3 Bg7 16. d5 c6 17. dxc6 Bxc6 18. Qxd6 Qc8 19. Qd2 Qb7 20. Qe2 Nc5 21. Qe3
Nfd7 22. Ba3 Ne6 23. Rad1 Rac8 24. Ne2 Qc7 25. Bd6 Qb7 26. Nd2 Nb6 27. f3 Red8
28. Bb4 Re8 29. Nb1 Bf6 30. Rd6 Be7 31. Rdd1 Bxb4 32. cxb4 Nd7 33. Rd2 Nf6 34.
Nbc3 Rcd8 35. Red1 Rxd2 36. Rxd2 Kg7 37. Bd1 Re7 38. Nd5 Qa7 39. Qxa7 Rxa7 40.
Nxf6 Kxf6 41. Rd6 Rc7 42. Kf2 Ke7 43. Rd2 Bb7 44. Rc2 Rd7 45. Ke1 Rd6 46. Rd2
Rc6 47. Bc2 Rc7 48. Kd1 Rc8 49. Bd3 Rd8 50. Bc2 Rc8 51. Bd3 Re8 52. Bc2 Rc8 53.
Nc1 Nd4 54. Nd3 f6 55. Nc5 Rc7 56. Bd3 Bc8 57. h4
1/2-1/2

[Event "European Senior Chess Championship 2018"]
[Site "Drammen, Norway"]
[Date "2018.08.03"]
[Round "7"]
[White "Carulla Pons, Carlos"]
[Black "Lerstad, Bjorn"]
[Result "1/2-1/2"]
[WhiteElo "1835"]
[BlackElo "1916"]
[PlyCount "83"]
[EventDate "2018.??.??"]

1. d4 e6 2. Nf3 f5 3. g3 Nf6 4. c4 d5 5. Bg2 Be7 6. O-O O-O 7. b3 c6 8. Bb2 Na6
9. Nbd2 Ne4 10. Ne5 Nxd2 11. Qxd2 Nc7 12. e3 Ne8 13. c5 Nf6 14. b4 Nd7 15. Nd3
Nf6 16. a4 Bd7 17. Rfb1 Qc7 18. Bf1 g5 19. Bc1 g4 20. b5 Ne4 21. Qe1 Rfb8 22.
Ba3 Qd8 23. Ne5 Be8 24. Ra2 Bf6 25. Nd3 h5 26. Rab2 h4 27. Nf4 Ng5 28. Kh1 hxg3
29. fxg3 Bd7 30. Nd3 a6 31. bxa6 bxa6 32. Rxb8 Rxb8 33. Rxb8 Qxb8 34. Qb4 Qe8
35. Qb7 e5 36. dxe5 Bxe5 37. Bg2 Bf6 38. Bc1 Nf3 39. Qb4 d4 40. Bxf3 gxf3 41.
Qe1 Bg5 42. Nf4
1/2-1/2

[Event "European Senior Chess Championship 2018"]
[Site "Drammen, Norway"]
[Date "2018.08.03"]
[Round "7"]
[White "Rubinstein, Mark"]
[Black "Tveten, Per"]
[Result "1-0"]
[WhiteElo "1850"]
[BlackElo "1526"]
[PlyCount "103"]
[EventDate "2018.??.??"]

1. c4 c5 2. Nc3 Nf6 3. g3 g6 4. Bg2 Bg7 5. e3 Nc6 6. d4 cxd4 7. exd4 e6 8. Nge2
d5 9. c5 b6 10. Qa4 Bb7 11. b4 O-O 12. b5 Na5 13. c6 Bc8 14. Qc2 a6 15. a4 Ne8
16. Rb1 Nd6 17. Qd1 axb5 18. axb5 Nac4 19. O-O f5 20. Qd3 Kh8 21. h4 Ne4 22.
Nxe4 fxe4 23. Bxe4 Nd6 24. Bg2 Rf7 25. Rb4 Rfa7 26. Nf4 Nf5 27. Re1 Qd6 28. Qc3
Ra4 29. Rxa4 Rxa4 30. Qb3 Rb4 31. Qa3 Nxd4 32. Bd2 Nf3+ 33. Bxf3 Bf8 34. Bxb4
Qxb4 35. Qxb4 Bxb4 36. Re2 d4 37. Bg4 e5 38. Bxc8 exf4 39. Bg4 Bd6 40. c7 Bxc7
41. Re8+ Kg7 42. Re7+ Kf6 43. Rxc7 fxg3 44. fxg3 h5 45. Bd1 Ke5 46. Rc6 Kf5 47.
Rxb6 g5 48. Rc6 gxh4 49. b6 Kg5 50. b7 hxg3 51. b8=Q h4 52. Qe5#
1-0

[Event "European Senior Chess Championship 2018"]
[Site "Drammen, Norway"]
[Date "2018.08.03"]
[Round "7"]
[White "Kabanova, Irina"]
[Black "Podlovna, Stella"]
[Result "1/2-1/2"]
[WhiteElo "1847"]
[BlackElo "1607"]
[PlyCount "50"]
[EventDate "2018.??.??"]

1. e4 c6 2. d4 d5 3. exd5 cxd5 4. Bd3 Nc6 5. g3 Nf6 6. h3 e6 7. Bf4 Bd6 8. Bxd6
Qxd6 9. Nf3 O-O 10. O-O h6 11. Re1 Re8 12. Ne5 a6 13. Nd2 b5 14. Ndf3 Bb7 15.
Nxc6 Bxc6 16. Ne5 Bb7 17. a3 Rac8 18. Qf3 Re7 19. Qe3 Rce8 20. f4 Ne4 21. Be2
f5 22. Bh5 Rc8 23. Bg6 Bc6 24. Re2 Be8 25. Bxe8 Rexe8
1/2-1/2

[Event "European Senior Chess Championship 2018"]
[Site "Drammen, Norway"]
[Date "2018.08.03"]
[Round "7"]
[White "Rostad, Rolf"]
[Black "Tolda Andreu, Eloi"]
[Result "0-1"]
[WhiteElo "1813"]
[BlackElo "1827"]
[PlyCount "56"]
[EventDate "2018.??.??"]

1. e4 c5 2. Nf3 Nc6 3. d4 cxd4 4. Nxd4 Nf6 5. Nc3 d6 6. Bc4 Bd7 7. f3 g6 8. Be3
Bg7 9. Qd2 O-O 10. O-O-O Nxd4 11. Bxd4 Qc8 12. Bb3 Be6 13. g4 Bxb3 14. axb3 h5
15. Bxf6 Bxf6 16. gxh5 Bxc3 17. bxc3 Qc5 18. hxg6 fxg6 19. Rhf1 Rac8 20. c4 Kh7
21. f4 Rc6 22. f5 Qa3+ 23. Kb1 Rf6 24. fxg6+ Kg7 25. Rxf6 exf6 26. Qc3 Ra6 27.
Rf1 Qa2+ 28. Kc1 Qa1+
0-1

[Event "European Senior Chess Championship 2018"]
[Site "Drammen, Norway"]
[Date "2018.08.03"]
[Round "7"]
[White "Lie, Terje"]
[Black "Ingham, H William"]
[Result "0-1"]
[WhiteElo "1502"]
[BlackElo "1819"]
[PlyCount "166"]
[EventDate "2018.??.??"]

1. d4 c6 2. c4 d6 3. Nc3 Qc7 4. Nf3 Bg4 5. e3 e5 6. Be2 Nd7 7. O-O Ngf6 8. Qc2
Be7 9. b3 a6 10. Bb2 O-O 11. dxe5 dxe5 12. Rad1 Rad8 13. Ng5 Bxe2 14. Qxe2 h6
15. Nge4 Nxe4 16. Nxe4 Nc5 17. Nc3 Rfe8 18. e4 Ne6 19. f3 Bc5+ 20. Kh1 Nd4 21.
Qe1 Re6 22. Na4 Be7 23. c5 Bf6 24. Nb6 Re7 25. Qf2 Ne6 26. b4 Nf4 27. Qc2 Ree8
28. Bc1 Ne6 29. Be3 Rxd1 30. Rxd1 Rd8 31. h3 Rxd1+ 32. Qxd1 Nd4 33. Nc4 Kf8 34.
Nd6 Nb5 35. Nf5 Qd8 36. Bd2 Bg5 37. Nd6 Be7 38. Nxb7 Qd7 39. Nd6 Bxd6 40. cxd6
Qxd6 41. Qe1 Qd3 42. a4 Nd4 43. b5 cxb5 44. axb5 axb5 45. Bb4+ Kg8 46. Qa1 Ne2
47. Qe1 Nd4 48. Qa1 Nc2 49. Qa8+ Kh7 50. Be7 Qf1+ 51. Kh2 Qc4 52. Qd5 f6 53.
Qd7 Kg6 54. Bf8 Qg8 55. Qf5+ Kf7 56. Bc5 Qe8 57. Qh5+ g6 58. Qxh6 Ke6 59. Qd2
Nd4 60. Qa2+ Kd7 61. Qd5+ Kc8 62. Bxd4 exd4 63. Qc5+ Kb7 64. Qd5+ Kc8 65. f4
Qd7 66. Qc5+ Kb7 67. e5 fxe5 68. Qxe5 d3 69. Qe4+ Kb6 70. Qxg6+ Ka5 71. Qh5 d2
72. Qd1 Qd4 73. f5 Qe5+ 74. g3 Qe1 75. Qf3 d1=Q 76. Qg2 Qee2 77. f6 Qxg2+ 78.
Kxg2 Qd5+ 79. Kg1 Qd4+ 80. Kg2 Qxf6 81. h4 Qf5 82. Kh2 Qg4 83. Kg2 b4 0-1

[Event "European Senior Chess Championship 2018"]
[Site "Drammen, Norway"]
[Date "2018.08.03"]
[Round "7"]
[White "Milashevskaja, Valentina"]
[Black "Lilleng, Gunnar"]
[Result "1-0"]
[WhiteElo "1748"]
[BlackElo "1598"]
[PlyCount "89"]
[EventDate "2018.??.??"]

1. d4 c6 2. e4 d6 3. Nc3 Nf6 4. Nf3 Bg4 5. Be2 d5 6. e5 Ng8 7. O-O e6 8. Be3
Nd7 9. a3 Ne7 10. h3 Bh5 11. Nh2 Bg6 12. Bd3 Nf5 13. Nf3 b5 14. Bd2 Nb6 15. b3
Nh4 16. Qe2 Nxf3+ 17. Qxf3 Be7 18. Ne2 Bg5 19. Ba5 Qc8 20. a4 bxa4 21. Bxb6
axb6 22. bxa4 Bd2 23. Rfb1 Ba5 24. Rb3 O-O 25. c4 Qd7 26. c5 bxc5 27. dxc5 Rab8
28. Rab1 Rxb3 29. Rxb3 Qc7 30. Bxg6 hxg6 31. Nd4 Ra8 32. Qe3 Qc8 33. Qd3 Qc7
34. f4 Kf8 35. Kf2 Ke8 36. Ke2 Kd7 37. Qb1 Ra7 38. Nf3 Ke7 39. Rb8 Qd7 40. Nd4
Qc7 41. Qb3 Qd7 42. g4 Qc7 43. Qb1 Kd7 44. h4 Ke7 45. Nf3 1-0

[Event "European Senior Chess Championship 2018"]
[Site "Drammen, Norway"]
[Date "2018.08.03"]
[Round "8"]
[White "Ogaard, Leif"]
[Black "Vorotnikov, Vladislav V"]
[Result "0-1"]
[WhiteElo "2386"]
[BlackElo "2445"]
[PlyCount "98"]
[EventDate "2018.??.??"]

1. d4 d6 2. Nf3 Bg4 3. c4 Nf6 4. Nc3 c6 5. e4 e5 6. dxe5 Bxf3 7. gxf3 dxe5 8.
Qxd8+ Kxd8 9. f4 Bd6 10. fxe5 Bxe5 11. Bg5 Kc7 12. O-O-O Nbd7 13. f3 Nc5 14.
Be3 Ne6 15. Ne2 Nh5 16. Bh3 Nhf4 17. Nxf4 Bxf4 18. Kd2 Rad8+ 19. Ke2 Bxe3 20.
Kxe3 c5 21. Rd5 b6 22. f4 Nd4 23. e5 g6 24. Kd3 f5 25. Bg2 Nc6 26. Ke3 Nb4 27.
a3 Nxd5+ 28. cxd5 b5 29. d6+ Kd7 30. Rc1 Rc8 31. Bf1 a6 32. a4 c4 33. axb5 axb5
34. Bg2 Ra8 35. Kd4 Ra5 36. Kc5 Rc8+ 37. Kb6 Ra2 38. Bb7 Rb8 39. Rc2 Ra1 40.
Rd2 b4 41. Re2 c3 42. b3 Ra3 43. Re1 Rxb3 44. Ka7 c2 45. Kxb8 Rb1 46. Bc8+ Kd8
47. Rxb1 cxb1=Q 48. e6 Qg1 49. e7+ Ke8 
0-1

[Event "European Senior Chess Championship 2018"]
[Site "Drammen, Norway"]
[Date "2018.08.03"]
[Round "8"]
[White "Strand, Kjetil"]
[Black "Hartung-Nielsen, Jens"]
[Result "1/2-1/2"]
[WhiteElo "1994"]
[BlackElo "2211"]
[PlyCount "98"]
[EventDate "2018.??.??"]

1. e4 c5 2. Nf3 g6 3. d4 cxd4 4. Nxd4 Bg7 5. Nc3 Nc6 6. Be3 Nf6 7. Bc4 O-O 8.
Bb3 a6 9. O-O Qc7 10. h3 b5 11. a4 b4 12. Nd5 Nxd5 13. Bxd5 Bb7 14. c3 bxc3 15.
bxc3 e6 16. Bxc6 dxc6 17. Qc2 c5 18. Nb3 c4 19. Nd4 e5 20. Nf3 f5 21. exf5 Bxf3
22. gxf3 Rxf5 23. Qe4 Raf8 24. Rfb1 R5f7 25. Rb4 Rc8 26. Rab1 Rd7 27. Rb7 Qd8
28. Rxd7 Qxd7 29. Rb7 Qxh3 30. Qd5+ Kh8 31. Qf7 Rg8 32. Qxc4 Qxf3 33. Rf7 Qd1+
34. Kg2 Rd8 35. Ra7 Rf8 36. Qe4 Qd6 37. c4 g5 38. c5 Qf6 39. c6 g4 40. Rxa6 Qh4
41. Ra7 Qh3+ 42. Kg1 g3 43. Qg2 gxf2+ 44. Bxf2 Qh6 45. Rd7 Qc1+ 46. Kh2 Qh6+
47. Kg1 Qc1+ 48. Kh2 Qh6+ 49. Kg1 Qc1+ 1/2-1/2

[Event "European Senior Chess Championship 2018"]
[Site "Drammen, Norway"]
[Date "2018.08.03"]
[Round "8"]
[White "Smeby, Ole"]
[Black "Kolbak, Jens"]
[Result "1/2-1/2"]
[WhiteElo "1980"]
[BlackElo "2181"]
[PlyCount "97"]
[EventDate "2018.??.??"]

1. d4 Nf6 2. c4 e6 3. Nf3 d5 4. e3 a6 5. Bd3 Be7 6. O-O O-O 7. Nc3 dxc4 8. Bxc4
b5 9. Bd3 Bb7 10. Qe2 Nbd7 11. Rd1 c5 12. dxc5 Bxc5 13. Ng5 Qc7 14. Nce4 Nxe4
15. Bxe4 Nf6 16. Bxb7 Qxb7 17. Bd2 h6 18. Nf3 a5 19. Rac1 Be7 20. Bc3 b4 21.
Be5 Rfc8 22. h3 a4 23. Rc2 Ra5 24. Rdc1 Rxc2 25. Rxc2 Rc5 26. Rxc5 Bxc5 27. Qc2
Qa7 28. Qc4 Nd7 29. Bd4 Bxd4 30. Nxd4 Qc5 31. Qxc5 Nxc5 32. Nc6 b3 33. axb3
axb3 34. Na5 Kf8 35. Kf1 Nd3 36. Nc4 e5 37. f3 f5 38. Ke2 e4 39. fxe4 fxe4 40.
Nd2 Nxb2 41. Nxb3 Nd3 42. Nd2 Nc5 43. Kf2 Kf7 44. Kg3 Kf6 45. Kg4 g6 46. h4 Ke5
47. h5 g5 48. Nc4+ Ke6 49. Nd2 
1/2-1/2